| 000 | 00450nam a2200181Ia 4500 | ||
|---|---|---|---|
| 001 | 16481 | ||
| 005 | 20260306170312.0 | ||
| 008 | 260306t2025||||xx |||||||||||||| ||und|| | ||
| 041 | _aESP | ||
| 082 |
_a348.6 _bL87 |
||
| 100 |
_aLópez Ahumada, Eduardo, _eAUT |
||
| 245 | 0 | _aLa nueva regulación del teletrabajo en el Perú | |
| 260 | _c2025 | ||
| 300 |
_a238 páginas : _c25 cm. |
||
| 650 | _aGEN | ||
| 654 | _aCDE | ||
| 942 |
_cLIB _dJUS _fJUS _2ddc _n |
||
| 999 |
_c16481 _d16481 |
||